Algebra : (Record no. 14746)
[ view plain ]
| 000 -LEADER | |
|---|---|
| fixed length control field | 00596nam a22001932 4500 |
| 001 - CONTROL NUMBER | |
| control field | 0000025071 |
| 005 - DATE AND TIME OF LATEST TRANSACTION | |
| control field | 20151217160134.0 |
| 008 - FIXED-LENGTH DATA ELEMENTS--GENERAL INFORMATION | |
| fixed length control field | 141027s xx 000 0 eng d |
| 020 ## - INTERNATIONAL STANDARD BOOK NUMBER | |
| International Standard Book Number | 0134333381 : |
| 040 ## - CATALOGING SOURCE | |
| Original cataloging agency | KABU |
| Transcribing agency | KABU |
| 245 10 - TITLE STATEMENT | |
| Title | Algebra : |
| Remainder of title | tools for a changing world / |
| Statement of responsibility, etc. | by Allan Bellman, ...[et al.]. |
| 260 ## - PUBLICATION, DISTRIBUTION, ETC. (IMPRINT) | |
| Place of publication, distribution, etc. | Needham, Massachusetts : |
| Name of publisher, distributor, etc. | Prentice hall, |
| Date of publication, distribution, etc. | 1998. |
| 300 ## - PHYSICAL DESCRIPTION | |
| Extent | xxv, 676 p. |
| 650 #0 - SUBJECT ADDED ENTRY--TOPICAL TERM | |
| Topical term or geographic name as entry element | Algebra. |
| -- | 0000155076 |
| 700 1# - ADDED ENTRY--PERSONAL NAME | |
| Personal name | Bellman, Allan, ...[et al.] |
| -- | 0000185463 |
| 908 ## - PUT COMMAND PARAMETER (RLIN) | |
| Put command parameter | 141027 |
| 950 ## - LOCAL HOLDINGS (RLIN) | |
| -- | 1 |
| Withdrawn status | Lost status | Source of classification or shelving scheme | Not for loan | Home library | Current library | Date acquired | Total Checkouts | Full call number | Barcode | Date last seen | Price effective from | Koha item type |
|---|---|---|---|---|---|---|---|---|---|---|---|---|
| Library of Congress Classification | Kabarak, Main Campus | Kabarak, Main Campus | 17/12/2015 | QA184 .A44 1998 c. 1 | 016964 | 13/05/2022 | 17/12/2015 | Children Collection |